The journal of Scott Pendleton Collins : (Record no. 1315)

MARC details
000 -LEADER
fixed length control field 01189cam a2200301 a 4500
005 - DATE AND TIME OF LATEST TRANSACTION
control field 20260322212055.0
008 - FIXED-LENGTH DATA ELEMENTS--GENERAL INFORMATION
fixed length control field data
010 ## - LIBRARY OF CONGRESS CONTROL NUMBER
LC control number 99013615
020 ## - INTERNATIONAL STANDARD BOOK NUMBER
International Standard Book Number 0439050138
020 ## - INTERNATIONAL STANDARD BOOK NUMBER
International Standard Book Number 9780439050135
040 ## - CATALOGING SOURCE
Original cataloging agency DLC
Transcribing agency DLC
Modifying agency DLC
042 ## - AUTHENTICATION CODE
Authentication code lcac
043 ## - GEOGRAPHIC AREA CODE
Geographic area code e-fr---
050 00 - LIBRARY OF CONGRESS CALL NUMBER
Classification number PZ7.M992
Item number Jp 1999
082 00 - DEWEY DECIMAL CLASSIFICATION NUMBER
Classification number [Fic]
Edition information 21
001 - CONTROL NUMBER
control field data
100 1# - MAIN ENTRY--PERSONAL NAME
Personal name Myers, Walter Dean,
Dates associated with a name 1937-
245 14 - TITLE STATEMENT
Title The journal of Scott Pendleton Collins :
Remainder of title a World War II soldier /
Statement of responsibility, etc. Walter Dean Myers.
250 ## - EDITION STATEMENT
Edition statement 1st ed.
260 ## - PUBLICATION, DISTRIBUTION, ETC.
Place of publication, distribution, etc. New York :
Name of publisher, distributor, etc. Scholastic,
Date of publication, distribution, etc. 1999.
300 ## - PHYSICAL DESCRIPTION
Extent 140 p. :
Other physical details ill. ;
Dimensions 20 cm.
440 #0 - SERIES STATEMENT/ADDED ENTRY--TITLE
Title My name is America
500 ## - GENERAL NOTE
General note "Scott Pendleton Collins is a fictional character, created by the author, and his journal is a work of fiction"--Copyright page.
520 ## - SUMMARY, ETC.
Summary, etc. A seventeen-year-old soldier from central Virginia records his experiences in a journal as his regiment takes part in the D-Day invasion of Normandy and subsequent battles to liberate France.
650 #0 - SUBJECT ADDED ENTRY--TOPICAL TERM
Topical term or geographic name entry element World War, 1939-1945
General subdivision Juvenile fiction.
Geographic subdivision Normandy
-- Normandy
General subdivision Juvenile fiction.
650 #1 - SUBJECT ADDED ENTRY--TOPICAL TERM
Topical term or geographic name entry element World War, 1939-1945
General subdivision Fiction.
Geographic subdivision Normandy
-- Normandy
General subdivision Fiction.
650 #1 - SUBJECT ADDED ENTRY--TOPICAL TERM
Topical term or geographic name entry element Diaries
General subdivision Fiction.
Holdings
Withdrawn status Lost status Damaged status Not for loan Home library Current library Shelving location Date acquired Total checkouts Full call number Barcode Date last seen Price effective from Koha item type
        Centerville Centerville General stacks 22/03/2026   [Fic] 21 BC0011358 22/03/2026 22/03/2026 Books